000 00812cam a2200217 a 4500
001 000002769
005 20200929150244.0
008 820205s1979 pr a b 000 0 spa
040 _aDO-SdBNP
_cDLC
_dDLC
082 _aPR861.64
_bP977p
100 1 _aPuebla, Manuel de la
_98725
245 1 0 _aPoesía militante puertorriqueña /
_cManuel de la Puebla; diseño de la portada e ilustraciones por Poli Marichal Lugo.
260 _aSan Juan, Puerto Rico :
_bInstituto de Cultura Puertorriqueña,
_c1979.
300 _av. :
_bil. ;
_c17 cm.
490 1 _aLiteratura de hoy
650 4 _aPoesía puertorriqueña
_xHistoria y crítica
_98219
650 4 _aLiteratura puertorriqueña
_ySIGLO XX
_95311
700 1 _aMarichal Lugo, Poli
_98726
830 0 _aLiteratura de hoy
_98727
910 _aCatalogación por copia / LC
999 _c2603
_d2603